Computer solution of linear programs /

Bibliographic Details
Main Author: Nazareth, J. L. (John Lawrence)
Format: Book
Language:English
Published: New York : Oxford University Press, 1987.
Series:Monographs on numerical analysis.
Oxford science publications.
Subjects:

MARC

Tag First Indicator Second Indicator Subfields
LEADER 00000cam a2200000 a 4500
001 in00000751649
005 20151016090043.0
008 861211s1987 nyua b 00110 eng
010 |a  86033108  
020 |a 0195042786 (alk. paper) 
035 |a (OCoLC)15016614 
035 |9 ADH2521AM 
040 |a DLC  |c DLC  |d TXA  |d UtOrBLW 
049 |a TXAM  |c [A11144814] 
050 0 0 |a T57.74  |b .N38 1987 
082 0 |a 519.7/2  |2 19 
100 1 |a Nazareth, J. L.  |q (John Lawrence) 
245 1 0 |a Computer solution of linear programs /  |c J.L. Nazareth. 
264 1 |a New York :  |b Oxford University Press,  |c 1987. 
300 |a xiii, 231 pages :  |b illustrations ;  |c 24 cm. 
336 |a text  |b txt  |2 rdacontent 
337 |a unmediated  |b n  |2 rdamedia 
338 |a volume  |b nc  |2 rdacarrier 
490 1 |a Monographs on numerical analysis 
490 1 |a Oxford science publications 
504 |a Bibliography: pages 221-224. 
500 |a Includes index. 
650 0 |a Linear programming  |x Data processing. 
830 0 |a Monographs on numerical analysis. 
830 0 |a Oxford science publications. 
999 |a MARS 
999 f f |s b919b942-6005-354f-8247-6af6decc7d22  |i a06c17c3-67cd-32a2-a15a-88f5f05ba852  |t 0 
952 f f |p ric  |a Texas A&M University  |b Rellis Campus  |c Joint Library Facility  |d Remote Storage  |t 0  |e T57.74 .N38 1987  |h Library of Congress classification  |i unmediated -- volume  |m A14811144814 
998 f f |a T57.74 .N38 1987  |t 0  |l Remote Storage